[Event "SLO-chT1 East"]
[Site "Celje"]
[Date "2007.11.21"]
[Round "9"]
[White "Cojhter, Karl"]
[Black "Kosanski, Stanko"]
[Result "0-1"]
[WhiteElo "2094"]
[BlackElo "2355"]
[PlyCount "54"]
[EventDate "2007.11.11"]
[EventType "team-tourn"]
[EventRounds "9"]
[EventCountry "SLO"]
[SourceTitle "EXT 2010"]
[Source "ChessBase"]
[SourceDate "2010.11.25"]
[SourceVersion "1"]
[SourceVersionDate "2010.11.25"]
[SourceQuality "1"]

1. e4 d6 2. d4 Nf6 3. Nc3 Nbd7 4. f4 e5 5. Nf3 exd4 6. Qxd4 c6 7. Be3 d5 8. e5 Ng4 9. Bg1 Bc5 10. Qd2 Bxg1 11. Rxg1 Qb6 12. Na4 Qe3+ 13. Be2 Qf2+ 14. Kd1 Nxh2 15. Bd3 Ng4 16. b3 Nc5 17. Nxc5 Qxc5 18. b4 Qb6 19. a4 a5 20. b5 h5 21. Re1 g6 22. Re2 c5 23. e6 Bxe6 24. Ng5 0-0-0 25. Bxg6 d4 26. Bxf7 Ne3+ 27. Kc1 Bg4 0-1

[Event "SLO-chT1 East"]
[Site "Celje"]
[Date "2007.11.13"]
[Round "3"]
[White "Kosanski, Stanko"]
[Black "Buzeti, Jernej"]
[Result "1-0"]
[WhiteElo "2355"]
[BlackElo "2128"]
[PlyCount "57"]
[EventDate "2007.11.11"]
[EventType "team-tourn"]
[EventRounds "9"]
[EventCountry "SLO"]
[SourceTitle "EXT 2010"]
[Source "ChessBase"]
[SourceDate "2010.11.25"]
[SourceVersion "1"]
[SourceVersionDate "2010.11.25"]
[SourceQuality "1"]

1. e4 c5 2. Nf3 Nc6 3. d4 cxd4 4. Nxd4 Nf6 5. Nc3 e5 6. Ndb5 d6 7. Bg5 a6 8. Na3 b5 9. Nd5 Be7 10. Bxf6 Bxf6 11. c3 Ne7 12. Nxe7 Bxe7 13. g3 Bb7 14. Bg2 f5 15. Nc2 fxe4 16. Qe2 0-0 17. Bxe4 d5 18. Bg2 Bc5 19. 0-0 Qb6 20. b4 Bd6 21. Rad1 e4 22. Ne3 Be5 23. Nxd5 Bxd5 24. Rxd5 Bxc3 25. Bxe4 Rac8 26. Qd3 g6 27. Rd6 Qa7 28. Rd7 Qb8 29. Bxg6 1-0

[Event "SLO-chT1 East"]
[Site "Celje"]
[Date "2007.11.09"]
[Round "2"]
[White "Horvath, Tamas"]
[Black "Kosanski, Stanko"]
[Result "1-0"]
[WhiteElo "2419"]
[BlackElo "2355"]
[PlyCount "105"]
[EventDate "2007.11.11"]
[EventType "team-tourn"]
[EventRounds "9"]
[EventCountry "SLO"]
[SourceTitle "EXT 2010"]
[Source "ChessBase"]
[SourceDate "2010.11.25"]
[SourceVersion "1"]
[SourceVersionDate "2010.11.25"]
[SourceQuality "1"]

1. e4 g6 2. d4 Bg7 3. Nc3 d6 4. Bg5 Nc6 5. Nge2 h6 6. Be3 e5 7. Qd2 Nf6 8. h3 a6 9. d5 Ne7 10. g4 h5 11. gxh5 Nxh5 12. 0-0-0 f5 13. f3 f4 14. Bf2 g5 15. Rg1 Ng6 16. Kb1 Bf6 17. Rc1 Ng7 18. Rh1 Kf7 19. Nd1 g4 20. fxg4 Bxg4 21. Qd3 Bd7 22. Ng1 Qe7 23. Be1 Nh5 24. Be2 Bh4 25. Bxh4 Nxh4 26. Bxh5+ Rxh5 27. Nf2 Rg8 28. Qd1 Rhg5 29. Nf3 Rg3 30. Nh2 Qg5 31. Nhg4 Ng2 32. Qd2 Ne3 33. Qa5 Rc8 34. b3 Qg6 35. Rce1 Nxg4 36. hxg4 Rg2 37. Ref1 Ke7 38. Qb4 b6 39. Nd3 Kf7 40. Rxf4+ exf4 41. Nxf4 Qxg4 42. Nxg2 Rg8 43. Ne3 Qg5 44. Qc3 Ke8 45. Qxc7 Qxe3 46. Qb8+ Kf7 47. Rf1+ Kg7 48. Qc7 Qh3 49. Rf5 Qh4 50. Kb2 Qxe4 51. Qxd7+ Kh6 52. Qxd6+ Rg6 53. Qf8+ 1-0

[Event "SLO-chT1 East"]
[Site "Celje"]
[Date "2007.11.04"]
[Round "1"]
[White "Kosanski, Stanko"]
[Black "Sivec, Dejan"]
[Result "1-0"]
[WhiteElo "2355"]
[BlackElo "2034"]
[PlyCount "49"]
[EventDate "2007.11.11"]
[EventType "team-tourn"]
[EventRounds "9"]
[EventCountry "SLO"]
[SourceTitle "EXT 2010"]
[Source "ChessBase"]
[SourceDate "2010.11.25"]
[SourceVersion "1"]
[SourceVersionDate "2010.11.25"]
[SourceQuality "1"]

1. e4 c5 2. Nf3 d6 3. d4 cxd4 4. Nxd4 Nf6 5. Nc3 a6 6. g3 b5 7. Bg2 Bb7 8. 0-0 e6 9. a3 Be7 10. h3 Nbd7 11. f4 Rc8 12. Re1 0-0 13. e5 Bxg2 14. exf6 Bxf6 15. Kxg2 Rc4 16. Be3 Qa8+ 17. Kh2 Rfc8 18. Re2 Nc5 19. Rc1 g6 20. Qd2 Nd7 21. Nd1 Qb8 22. c3 d5 23. Nf2 Qc7 24. Rd1 e5 25. fxe5 1-0

[Event "Velika Gorica op 7th"]
[Site "Velika Gorica"]
[Date "2007.08.19"]
[Round "2"]
[White "Svrtan, Zlatko"]
[Black "Kosanski, Stanko"]
[Result "0-1"]
[WhiteElo "2104"]
[BlackElo "2359"]
[PlyCount "116"]
[EventDate "2007.08.18"]
[EventType "swiss"]
[EventRounds "9"]
[EventCountry "CRO"]
[SourceTitle "CBM 120 Extra"]
[Source "ChessBase"]
[SourceDate "2007.11.01"]
[SourceVersion "1"]
[SourceVersionDate "2007.11.01"]
[SourceQuality "1"]

1. e4 c5 2. Nf3 Nc6 3. d4 cxd4 4. Nxd4 Nf6 5. Nc3 e5 6. Ndb5 d6 7. Bg5 a6 8. Na3 b5 9. Nd5 Be7 10. Bxf6 Bxf6 11. c3 0-0 12. Nc2 Rb8 13. Bd3 Bg5 14. Nce3 Bxe3 15. Nxe3 Ne7 16. 0-0 Be6 17. Qf3 a5 18. a3 Qc7 19. Rfd1 Rfd8 20. Rac1 a4 21. Bc2 Rd7 22. Rd2 Rbd8 23. Rcd1 Qc5 24. h4 h6 25. h5 Kf8 26. g4 f6 27. g5 hxg5 28. h6 Kg8 29. Kg2 Ng6 30. Kg3 Nf4 31. Rh1 gxh6 32. Rxh6 Rh7 33. Rxh7 Kxh7 34. Rd1 Kg7 35. Rh1 Qc8 36. Rh2 Rh8 37. Qh1 Rxh2 38. Qxh2 Bh3 39. f3 Qc5 40. Qd2 Be6 41. Bd3 Kf7 42. Bc2 Ke7 43. Qf2 Kf7 44. Qd2 Bc4 45. Qf2 Be6 46. Qd2 Qb6 47. Qf2 Qc5 48. Qd2 Qc7 49. Qh2 Kg7 50. Nd5 Qf7 51. Nxf4 exf4+ 52. Kf2 Qa7+ 53. Kf1 Bc4+ 54. Ke1 Qe3+ 55. Kd1 Qxf3+ 56. Kc1 Qe3+ 57. Kd1 f3 58. e5 Be2+ 0-1

[Event "Velika Gorica op 7th"]
[Site "Velika Gorica"]
[Date "2007.08.18"]
[Round "1"]
[White "Kosanski, Stanko"]
[Black "Galoic, Boris"]
[Result "1-0"]
[WhiteElo "2359"]
[BlackElo "1952"]
[PlyCount "65"]
[EventDate "2007.08.18"]
[EventType "swiss"]
[EventRounds "9"]
[EventCountry "CRO"]
[SourceTitle "CBM 120 Extra"]
[Source "ChessBase"]
[SourceDate "2007.11.01"]
[SourceVersion "1"]
[SourceVersionDate "2007.11.01"]
[SourceQuality "1"]

1. e4 e5 2. Nf3 Nc6 3. Bb5 a6 4. Ba4 Nf6 5. d3 b5 6. Bb3 Be7 7. 0-0 0-0 8. Re1 d6 9. c3 Na5 10. Bc2 c5 11. Nbd2 Re8 12. Nf1 Bg4 13. h3 Bxf3 14. Qxf3 Bf8 15. Bg5 h6 16. Bxf6 Qxf6 17. Qxf6 gxf6 18. Ng3 Nc6 19. Bb3 Ne7 20. Nh5 Bg7 21. Re3 a5 22. Rg3 c4 23. Rxg7+ Kf8 24. dxc4 a4 25. Bc2 bxc4 26. Rh7 Ng6 27. Rd1 Reb8 28. Rxd6 Rxb2 29. Rxf6 Ra7 30. Bxa4 Rxa2 31. Bb5 Rc7 32. Rfxf7+ Rxf7 33. Rxf7+ 1-0

[Event "Zagreb op"]
[Site "Zagreb"]
[Date "2007.03.24"]
[Round "8"]
[White "Ivekovic, Zvonimir"]
[Black "Kosanski, Stanko"]
[Result "1-0"]
[WhiteElo "2085"]
[BlackElo "2364"]
[PlyCount "53"]
[EventDate "2007.03.17"]
[EventType "swiss"]
[EventRounds "9"]
[EventCountry "CRO"]
[SourceTitle "CBM 117 Extra"]
[Source "ChessBase"]
[SourceDate "2007.05.09"]
[SourceVersion "1"]
[SourceVersionDate "2007.05.09"]
[SourceQuality "1"]

1. e4 c5 2. c3 d6 3. d4 Qc7 4. h3 Nf6 5. Bd3 g6 6. Nf3 Bg7 7. 0-0 e5 8. Na3 a6 9. Nc4 Nfd7 10. dxe5 dxe5 11. a4 0-0 12. Bc2 Nc6 13. Bb3 Na5 14. Nxa5 Qxa5 15. Bg5 Re8 16. Nd2 Nb6 17. Bxf7+ Kxf7 18. Nb3 Qxa4 19. Rxa4 Nxa4 20. Na5 b5 21. b3 Nb6 22. Qd6 Re6 23. Qc7+ Kg8 24. Rd1 Nd7 25. Nc6 Bf8 26. Nd8 Re8 27. Rxd7 1-0

[Event "SLO-chT1 East"]
[Site "Celje"]
[Date "2006.11.06"]
[Round "4"]
[White "Kosanski, Stanko"]
[Black "Zelcic, Robert"]
[Result "1/2-1/2"]
[WhiteElo "2340"]
[BlackElo "2556"]
[PlyCount "90"]
[EventDate "2006.11.04"]
[EventType "team"]
[EventRounds "9"]
[EventCountry "SLO"]
[SourceTitle "EXT 2008"]
[Source "ChessBase"]
[SourceDate "2007.11.25"]
[SourceVersion "1"]
[SourceVersionDate "2007.11.25"]
[SourceQuality "1"]

1. e4 c6 2. d4 d5 3. Nc3 dxe4 4. Nxe4 Bf5 5. Ng3 Bg6 6. Nf3 e6 7. h4 h6 8. Bd3 Bxd3 9. Qxd3 Nf6 10. Bf4 Qa5+ 11. Bd2 Bb4 12. c3 Bd6 13. Ne4 Nxe4 14. Qxe4 Nd7 15. Qe2 0-0-0 16. a3 g5 17. 0-0-0 g4 18. Ne1 Bxa3 19. Nc2 Be7 20. Qxg4 Nb6 21. c4 Qa4 22. Qf3 Qxc4 23. Qxf7 Rd7 24. Rde1 Bxh4 25. Qxe6 Bxf2 26. Qxc4 Nxc4 27. Re2 Nxd2 28. Rxd2 Bg3 29. Re2 h5 30. Re4 h4 31. Rf1 Rhd8 32. b4 Rd5 33. Kb2 a5 34. bxa5 Rxa5 35. Rf7 Rd7 36. Rf8+ Kc7 37. Ne3 Rxd4 38. Rxd4 Be5 39. Rf7+ Kb8 40. Nf5 c5 41. Kb3 cxd4 42. Nxh4 Bd6 43. Nf5 Be5 44. Kc4 Ra6 45. Kd5 Rf6 1/2-1/2

[Event "SLO-chT1 East"]
[Site "Celje"]
[Date "2006.11.04"]
[Round "1"]
[White "Kosanski, Stanko"]
[Black "Krstic, Uros"]
[Result "1/2-1/2"]
[WhiteElo "2340"]
[BlackElo "2365"]
[PlyCount "24"]
[EventDate "2006.11.04"]
[EventType "team"]
[EventRounds "9"]
[EventCountry "SLO"]
[SourceTitle "EXT 2008"]
[Source "ChessBase"]
[SourceDate "2007.11.25"]
[SourceVersion "1"]
[SourceVersionDate "2007.11.25"]
[SourceQuality "1"]

1. e4 e5 2. Nf3 Nc6 3. Bb5 a6 4. Ba4 Nf6 5. 0-0 Be7 6. Re1 b5 7. Bb3 d6 8. c3 0-0 9. a3 Na5 10. Bc2 c5 11. d4 Bd7 12. dxc5 dxc5 1/2-1/2

[Event "Zagreb op"]
[Site "Zagreb"]
[Date "2006.01.18"]
[Round "5"]
[White "Kosanski, Stanko"]
[Black "Zufic, Miroslav"]
[Result "0-1"]
[WhiteElo "2376"]
[BlackElo "2391"]
[PlyCount "120"]
[EventDate "2006.01.14"]
[EventType "swiss"]
[EventRounds "9"]
[EventCountry "CRO"]
[SourceTitle "CBM 110 Extra"]
[Source "ChessBase"]
[SourceDate "2006.03.10"]
[SourceVersion "2"]
[SourceVersionDate "2006.03.10"]
[SourceQuality "1"]

1. e4 c5 2. Nf3 d6 3. Bb5+ Nd7 4. c3 Ngf6 5. Qe2 e6 6. d4 a6 7. Ba4 Be7 8. e5 dxe5 9. dxe5 Nd5 10. 0-0 b5 11. Bc2 Bb7 12. c4 bxc4 13. Qxc4 Nb4 14. Be4 Nb6 15. Qe2 Bxe4 16. Qxe4 0-0 17. Nc3 Qd3 18. Qg4 Qg6 19. Qxg6 hxg6 20. Ne1 Rfd8 21. f4 Nd3 22. b3 g5 23. Nxd3 Rxd3 24. Ne4 gxf4 25. Bxf4 a5 26. Bg5 Bxg5 27. Nxg5 Ra7 28. Rad1 Rd5 29. Rde1 a4 30. bxa4 Nxa4 31. Rb1 g6 32. Rbe1 c4 33. Rf4 Nb2 34. Ref1 f5 35. Nxe6 Rxe5 36. Nd4 Rxa2 37. R4f2 c3 38. Rc2 Ra3 39. Ne2 Na4 40. Rb1 Rd5 41. Kf2 Nc5 42. Ke3 g5 43. Rb8+ Kf7 44. Nc1 f4+ 45. Ke2 Ne6 46. Ke1 Nd4 47. Ra2 Re5+ 48. Kf1 Rxa2 49. Nxa2 c2 50. Ra8 Rb5 51. Ke1 Nb3 52. Rc8 Re5+ 53. Kf2 Nd4 54. Nc1 g4 55. Rc4 Re4 56. Rc3 Kf6 57. Rc8 Re7 58. Rc5 Rb7 59. Rd5 Nf5 60. Rc5 Rb2 0-1

[Event "Zagreb op"]
[Site "Zagreb"]
[Date "2006.01.15"]
[Round "2"]
[White "Simon, Jozef"]
[Black "Kosanski, Stanko"]
[Result "0-1"]
[WhiteElo "2158"]
[BlackElo "2376"]
[PlyCount "70"]
[EventDate "2006.01.14"]
[EventType "swiss"]
[EventRounds "9"]
[EventCountry "CRO"]
[SourceTitle "CBM 110 Extra"]
[Source "ChessBase"]
[SourceDate "2006.03.10"]
[SourceVersion "2"]
[SourceVersionDate "2006.03.10"]
[SourceQuality "1"]

1. c4 c5 2. Nf3 g6 3. e4 Bg7 4. d4 Nc6 5. dxc5 Qa5+ 6. Bd2 Qxc5 7. Bc3 Nf6 8. Bd3 0-0 9. 0-0 d6 10. a3 Qb6 11. Nbd2 a5 12. b4 Nd7 13. Bxg7 Kxg7 14. b5 Nce5 15. Be2 Qc7 16. Nd4 Nc5 17. a4 b6 18. f4 Ned7 19. Qc2 Bb7 20. Kh1 Nf6 21. Bf3 e5 22. Ne2 Rae8 23. fxe5 dxe5 24. Nc3 Ne6 25. Nd5 Bxd5 26. exd5 Nc5 27. Be2 e4 28. Nb3 Nxb3 29. Qxb3 Nd7 30. Rad1 Qd6 31. Ra1 f5 32. Qc3+ Qf6 33. Qxf6+ Rxf6 34. g3 Nc5 35. Ra3 g5 0-1

[Event "SLO-chT East"]
[Site "Slovenia"]
[Date "2005.10.21"]
[Round "2.1"]
[White "Kosanski, Stanko"]
[Black "Kovacevic, Blazimir"]
[Result "1/2-1/2"]
[WhiteElo "2369"]
[BlackElo "2495"]
[PlyCount "120"]
[EventDate "2005.10.19"]
[EventType "team"]
[EventRounds "9"]
[EventCountry "SLO"]
[SourceTitle "EXT 2009"]
[Source "ChessBase"]
[SourceDate "2008.11.26"]
[SourceVersion "1"]
[SourceVersionDate "2008.11.26"]
[SourceQuality "1"]

1. e4 e6 2. d4 d5 3. e5 c5 4. c3 Nc6 5. Nf3 Bd7 6. dxc5 Bxc5 7. Bd3 Nge7 8. Bf4 Ng6 9. Bg3 0-0 10. 0-0 f5 11. exf6 Qxf6 12. Nbd2 Nf4 13. Bc2 Bb6 14. Nb3 Be8 15. Bxf4 Qxf4 16. Qd2 Qxd2 17. Nbxd2 h6 18. Rae1 Rf6 19. a4 Bh5 20. b4 a6 21. h3 Rc8 22. Rc1 Rcf8 23. Rce1 Kh8 24. Bd3 e5 25. b5 axb5 26. axb5 e4 27. bxc6 Bxf3 28. gxf3 exd3 29. cxb7 R6f7 30. Re5 Rxb7 31. Rxd5 Rd8 32. Rxd8+ Bxd8 33. Rd1 Rd7 34. Ne4 Bg5 35. Kg2 d2 36. Kf1 Bf4 37. Ke2 Re7 38. Kd3 Rd7+ 39. Kc2 Rf7 40. c4 Kh7 41. c5 Kg6 42. Kd3 Kh5 43. h4 Ra7 44. Nxd2 Kxh4 45. Rh1+ Kg5 46. Ne4+ Kf5 47. Nc3 Be5 48. Rh5+ Ke6 49. Nb5 Ra1 50. f4 Bxf4 51. Nd4+ Kd7 52. Rf5 g5 53. Rf7+ Ke8 54. Rh7 Rc1 55. Ne6 h5 56. Ke4 Rc2 57. f3 Rc3 58. Nxf4 Rc4+ 59. Kd5 Rxf4 60. Ke6 Kd8 1/2-1/2

[Event "Velika Gorica op 5th"]
[Site "Velika Gorica"]
[Date "2005.08.24"]
[Round "6"]
[White "Bukal, Vladimir Sr"]
[Black "Kosanski, Stanko"]
[Result "1/2-1/2"]
[WhiteElo "2416"]
[BlackElo "2369"]
[PlyCount "21"]
[EventDate "2005.08.20"]
[EventType "swiss"]
[EventRounds "9"]
[EventCountry "CRO"]
[SourceTitle "CBM 108 Extra"]
[Source "ChessBase"]
[SourceDate "2005.11.04"]
[SourceVersion "1"]
[SourceVersionDate "2005.11.04"]
[SourceQuality "1"]

1. Nf3 c5 2. c4 Nc6 3. Nc3 Nf6 4. d4 cxd4 5. Nxd4 d6 6. e3 g6 7. Be2 Bg7 8. 0-0 0-0 9. Bf3 Bd7 10. b3 Nxd4 11. exd4 1/2-1/2

[Event "Velika Gorica op 5th"]
[Site "Velika Gorica"]
[Date "2005.08.22"]
[Round "4"]
[White "Brkic, Ante"]
[Black "Kosanski, Stanko"]
[Result "1-0"]
[WhiteElo "2477"]
[BlackElo "2369"]
[PlyCount "103"]
[EventDate "2005.08.20"]
[EventType "swiss"]
[EventRounds "9"]
[EventCountry "CRO"]
[SourceTitle "CBM 108 Extra"]
[Source "ChessBase"]
[SourceDate "2005.11.04"]
[SourceVersion "1"]
[SourceVersionDate "2005.11.04"]
[SourceQuality "1"]

1. e4 c5 2. Nf3 Nc6 3. Nc3 d6 4. d4 cxd4 5. Nxd4 Nf6 6. Bg5 e5 7. Ndb5 a6 8. Na3 b5 9. Bxf6 gxf6 10. Nd5 Bg7 11. c3 0-0 12. Nc2 f5 13. exf5 Bxf5 14. Nce3 Be6 15. Bd3 Ra7 16. Bf5 Bxd5 17. Nxd5 Qg5 18. g4 Qh4 19. Qd3 h6 20. Rd1 Rd8 21. Qe3 Rb7 22. Qf3 a5 23. Be4 Rbb8 24. 0-0 b4 25. Rd2 a4 26. Ne3 Ne7 27. c4 h5 28. h3 Ng6 29. Bxg6 fxg6 30. Rfd1 Rf8 31. Qg2 Rf7 32. gxh5 gxh5 33. Rxd6 b3 34. axb3 axb3 35. Rd7 Rbf8 36. Nf5 Qf6 37. Nxg7 Qxg7 38. Rxf7 Qxg2+ 39. Kxg2 Kxf7 40. Rd3 Rc8 41. Rc3 Ke6 42. Kf3 Kd6 43. Ke4 Rf8 44. c5+ Kc6 45. f3 Rf4+ 46. Kxe5 Rf8 47. f4 Re8+ 48. Kf6 Re2 49. Rxb3 Kxc5 50. f5 Kc4 51. Rf3 Rxb2 52. Kg6 1-0

[Event "CRO-chT2 Center"]
[Site "Zagreb"]
[Date "2005.05.15"]
[Round "5.6"]
[White "Gjuran, Denis"]
[Black "Kosanski, Stanko"]
[Result "1-0"]
[WhiteElo "2311"]
[BlackElo "2369"]
[PlyCount "107"]
[EventDate "2005.04.03"]
[EventType "team-tourn"]
[EventRounds "11"]
[EventCountry "CRO"]
[SourceTitle "EXT 2007"]
[Source "ChessBase"]
[SourceDate "2006.11.23"]
[SourceVersion "1"]
[SourceVersionDate "2006.11.23"]
[SourceQuality "1"]

1. e4 c5 2. c3 g6 3. d4 cxd4 4. cxd4 Bg7 5. Nc3 d6 6. Nf3 Nf6 7. Bd3 0-0 8. 0-0 Nc6 9. h3 e5 10. d5 Nb4 11. Be2 a5 12. Be3 h6 13. Nd2 Nxe4 14. Ndxe4 f5 15. Nxd6 Qxd6 16. Nb5 Qd8 17. Bc5 Rf6 18. Bc4 Na6 19. Be7 Qd7 20. Bxf6 Bxf6 21. d6+ Kg7 22. Qd5 h5 23. Qg8+ Kh6 24. Rad1 Bg7 25. Qd5 f4 26. Nc3 Nb4 27. Qe4 Qe8 28. Bb5 Nc6 29. Nd5 Bf5 30. Qf3 Rd8 31. Ne7 Bd7 32. Bxc6 bxc6 33. Rc1 Rb8 34. b3 g5 35. Qe4 g4 36. Nf5+ Kg6 37. Nxg7+ Kxg7 38. Rc5 Rb5 39. Rxb5 cxb5 40. Re1 Kf6 41. h4 Bf5 42. Qxf4 exf4 43. Rxe8 Bd7 44. Re7 Bf5 45. Ra7 Bd3 46. Rxa5 Ke6 47. a4 g3 48. fxg3 fxg3 49. axb5 Kxd6 50. b6 Be2 51. Rg5 Kc6 52. Rxg3 Kxb6 53. Kf2 Bd1 54. Ke1 1-0

[Event "Velika Gorica op 4th"]
[Site "Velika Gorica"]
[Date "2004.08.25"]
[Round "6"]
[White "Heged, Vlado"]
[Black "Kosanski, Stanko"]
[Result "0-1"]
[WhiteElo "2101"]
[BlackElo "2366"]
[PlyCount "59"]
[EventDate "2004.08.21"]
[EventType "swiss"]
[EventRounds "9"]
[EventCountry "CRO"]
[SourceTitle "EXT 2005"]
[Source "ChessBase"]
[SourceDate "2004.11.15"]
[SourceVersion "1"]
[SourceVersionDate "2004.11.15"]
[SourceQuality "1"]

1. e4 c5 2. Nc3 Nc6 3. g3 h5 4. h3 d6 5. Bg2 Bd7 6. Nge2 Qc8 7. d4 b6 8. d5 Na5 9. b3 g6 10. Bb2 Bg7 11. Qd2 Nb7 12. h4 Nf6 13. 0-0 Bh3 14. f3 Bxg2 15. Kxg2 0-0 16. Rae1 a5 17. Nd1 b5 18. c4 bxc4 19. bxc4 a4 20. Qd3 Qd7 21. Bxf6 Bxf6 22. f4 Na5 23. f5 Kh7 24. Nf4 Be5 25. fxg6+ fxg6 26. Ne6 Rf6 27. Nc3 Rb8 28. Rb1 Rg8 29. Rb5 Nb7 30. g4 0-1

[Event "Velika Gorica op 4th"]
[Site "Velika Gorica"]
[Date "2004.08.21"]
[Round "1"]
[White "Kosanski, Stanko"]
[Black "Vrsek, Ivan"]
[Result "0-1"]
[WhiteElo "2366"]
[BlackElo "2035"]
[PlyCount "90"]
[EventDate "2004.08.21"]
[EventType "swiss"]
[EventRounds "9"]
[EventCountry "CRO"]
[SourceTitle "EXT 2005"]
[Source "ChessBase"]
[SourceDate "2004.11.15"]
[SourceVersion "1"]
[SourceVersionDate "2004.11.15"]
[SourceQuality "1"]

1. e4 e6 2. d4 d5 3. e5 c5 4. c3 Nc6 5. Nf3 Bd7 6. a3 c4 7. Nbd2 Na5 8. Be2 Bc6 9. 0-0 Qd7 10. b4 cxb3 11. Bb2 Rc8 12. Ne1 Nh6 13. g4 Be7 14. Ng2 Bb5 15. Ne3 0-0 16. f4 Nc4 17. Ndxc4 Bxc4 18. a4 a6 19. a5 Qb5 20. Bxc4 dxc4 21. Rf3 f5 22. g5 Nf7 23. Rh3 g6 24. Rg3 b6 25. axb6 Qxb6 26. Ra4 Qb5 27. Qa1 Rc6 28. h4 Kg7 29. Kg2 Rh8 30. Rh3 h6 31. Ra5 Qb7 32. Qh1 Qb6 33. Ra4 Qb5 34. Qa1 hxg5 35. hxg5 Rxh3 36. Kxh3 Qb7 37. Qh1 Qb5 38. Ra1 Rc8 39. Kg3 Rh8 40. Qf1 Bxg5 41. fxg5 Nxg5 42. Qxc4 Rh3+ 43. Kg2 Rxe3 44. Qxb5 axb5 45. Kf2 Rh3 0-1

[Event "Zadar op"]
[Site "Zadar"]
[Date "2003.12.20"]
[Round "8"]
[White "Kosanski, Stanko"]
[Black "Jovanic, Ognjen"]
[Result "1/2-1/2"]
[WhiteElo "2373"]
[BlackElo "2424"]
[PlyCount "67"]
[EventDate "2003.12.15"]
[EventType "swiss"]
[EventRounds "9"]
[EventCountry "CRO"]
[SourceTitle "CBM 097 Extra"]
[Source "ChessBase"]
[SourceDate "2004.01.13"]
[SourceVersion "1"]
[SourceVersionDate "2004.01.13"]
[SourceQuality "1"]

1. e4 e5 2. Nc3 Nf6 3. g3 Nc6 4. Bg2 Bc5 5. h3 d6 6. d3 a6 7. Be3 Bxe3 8. fxe3 Be6 9. Nd5 Bxd5 10. exd5 Ne7 11. c4 c6 12. dxc6 bxc6 13. Ne2 Qb6 14. Qd2 d5 15. cxd5 Nfxd5 16. d4 exd4 17. exd4 0-0 18. 0-0 Rab8 19. b3 a5 20. Rac1 Qb4 21. Rfd1 Rfd8 22. Rc4 Qb6 23. Rf1 Rd6 24. Rc5 Qb4 25. Qxb4 axb4 26. Rfc1 g6 27. Bxd5 Rxd5 28. Rxd5 cxd5 29. g4 Rc8 30. Rxc8+ Nxc8 31. Kf2 Ne7 32. Nf4 f6 33. Nd3 Nc6 34. Nf4 1/2-1/2

[Event "Zadar op"]
[Site "Zadar"]
[Date "2003.12.18"]
[Round "6"]
[White "Kosanski, Stanko"]
[Black "Kuljasevic, Davorin"]
[Result "1/2-1/2"]
[WhiteElo "2373"]
[BlackElo "2429"]
[PlyCount "102"]
[EventDate "2003.12.15"]
[EventType "swiss"]
[EventRounds "9"]
[EventCountry "CRO"]
[SourceTitle "CBM 097 Extra"]
[Source "ChessBase"]
[SourceDate "2004.01.13"]
[SourceVersion "1"]
[SourceVersionDate "2004.01.13"]
[SourceQuality "1"]

1. e4 c5 2. Nf3 Nc6 3. d4 cxd4 4. Nxd4 Nf6 5. Nc3 e5 6. Ndb5 d6 7. Bg5 a6 8. Na3 b5 9. Nd5 Be7 10. Bxf6 Bxf6 11. c3 Bg5 12. Nc2 0-0 13. g3 Be6 14. Bg2 Ne7 15. Nce3 Bxe3 16. Nxe3 Rb8 17. a3 a5 18. b4 Rc8 19. Rc1 a4 20. 0-0 Qb6 21. Qd2 Rfd8 22. Rfd1 Bb3 23. Re1 Be6 24. h4 Rd7 25. Red1 Rcd8 26. Qe2 h6 27. h5 Qb8 28. Rd2 d5 29. exd5 Nxd5 30. Nxd5 Bxd5 31. Bxd5 Rxd5 32. Rxd5 Rxd5 33. c4 bxc4 34. Qxc4 Qd8 35. Qg4 f5 36. Qxf5 Rd1+ 37. Rxd1 Qxd1+ 38. Kg2 Qb3 39. Qf3 Kh8 40. g4 Kg8 41. Qe3 Qd5+ 42. Kh2 Qb3 43. g5 hxg5 44. Qxg5 Qf3 45. h6 Qxf2+ 46. Kh3 Qf3+ 47. Kh4 Qh1+ 48. Kg4 Qe4+ 49. Kg3 Qd3+ 50. Kf2 Qc2+ 51. Kg3 Qd3+ 1/2-1/2

[Event "Zadar op"]
[Site "Zadar"]
[Date "2003.12.17"]
[Round "4"]
[White "Kosanski, Stanko"]
[Black "Navinsek, Thomaz"]
[Result "0-1"]
[WhiteElo "2373"]
[BlackElo "2309"]
[PlyCount "88"]
[EventDate "2003.12.15"]
[EventType "swiss"]
[EventRounds "9"]
[EventCountry "CRO"]
[SourceTitle "CBM 097 Extra"]
[Source "ChessBase"]
[SourceDate "2004.01.13"]
[SourceVersion "1"]
[SourceVersionDate "2004.01.13"]
[SourceQuality "1"]

1. e4 e5 2. Bc4 Nf6 3. d3 Bc5 4. Nf3 d6 5. h3 Nc6 6. c3 a6 7. a4 0-0 8. 0-0 Ba7 9. Re1 Ne7 10. Bg5 Ng6 11. Nh4 Nxh4 12. Bxh4 h6 13. Nd2 Be6 14. Nf1 Bxc4 15. dxc4 g5 16. Bg3 Qd7 17. b3 Qc6 18. Qf3 Ne8 19. Qf5 Ng7 20. Qf6 Kh7 21. h4 Rae8 22. hxg5 Re6 23. Qf3 hxg5 24. Qg4 Rh6 25. Ne3 Bxe3 26. Rxe3 Rh8 27. Rae1 Ne6 28. Kf1 Kg8 29. Ke2 Qb6 30. Rb1 Rh1 31. Rb2 Rg1 32. Kf3 Rh6 33. Qf5 Kg7 34. Ke2 Rf6 35. Qh3 Qc5 36. Rd3 Qa3 37. Rdd2 Qa1 38. b4 Qf1+ 39. Ke3 Qxc4 40. Rd3 Re1+ 41. Re2 Rxe2+ 42. Kxe2 Qxe4+ 43. Re3 Qc2+ 44. Ke1 Rh6 0-1

[Event "SLO-chT"]
[Site "Celje"]
[Date "2003.11.17"]
[Round "1"]
[White "Hulak, Krunoslav"]
[Black "Kosanski, Stanko"]
[Result "1-0"]
[WhiteElo "2557"]
[BlackElo "2373"]
[PlyCount "67"]
[EventDate "2003.11.17"]
[EventType "team-swiss"]
[EventRounds "9"]
[EventCountry "SLO"]
[SourceTitle "CBM 097 Extra"]
[Source "ChessBase"]
[SourceDate "2004.01.13"]
[SourceVersion "1"]
[SourceVersionDate "2004.01.13"]
[SourceQuality "1"]

1. d4 g6 2. c4 Bg7 3. Nc3 d6 4. Nf3 c5 5. d5 Nf6 6. e4 0-0 7. Be2 e5 8. 0-0 h6 9. Ne1 Ne8 10. f4 exf4 11. Bxf4 Nd7 12. Nd3 Kh7 13. Qd2 a6 14. a4 Qe7 15. a5 Nef6 16. Rae1 Ng8 17. Na4 Rb8 18. b4 cxb4 19. Qxb4 Ne5 20. Nb6 f5 21. Nxe5 Bxe5 22. Bxe5 Qxe5 23. c5 Rd8 24. exf5 Bxf5 25. Bd3 dxc5 26. Qxc5 Qd6 27. Qd4 Rf8 28. Bxf5 gxf5 29. Re6 Qd8 30. d6 Rf7 31. d7 Qf8 32. Rfe1 Nf6 33. Rxf6 Rxf6 34. Nc8 1-0